Polindo (Record no. 4289)

MARC details
000 -CABECERA
campo de control de longitud fija 00961nam a2200277 a 4500
001 - NÚMERO DE CONTROL
campo de control BRCA_4584
005 - FECHA Y HORA DE LA ÚLTIMA TRANSACCIÓN
campo de control 20190320204727.0
008 - DATOS DE LONGITUD FIJA--INFORMACIÓN GENERAL
campo de control de longitud fija 031117s2003####sp-a######---#000-0#spa-#
020 ## - NÚMERO INTERNACIONAL ESTÁNDAR DEL LIBRO
Número Internacional Estándar del Libro 8488333803
041 ## - CÓDIGO DE LENGUA
Código de lengua del texto/banda sonora o título independiente spa
044 ## - CÓDIGO DEL PAÍS DE LA ENTIDAD EDITORA/PRODUCTORA
Código MARC del país sp
050 #4 - SIGNATURA TOPOGRÁFICA DE LA BIBLIOTECA DEL CONGRESO
Número de clasificación PQ6398
Número de documento/Ítem .P65 2003
130 0# - ENTRADA PRINCIPAL--TÍTULO UNIFORME
Título uniforme Historia del invencible cavallero don Polindo.
9 (RLIN) 11591
245 10 - MENCIÓN DE TÍTULO
Título Polindo
Mención de responsabilidad, etc. edición de Manuel Calderón Calderón.
260 ## - PUBLICACIÓN, DISTRIBUCIÓN, ETC.
Lugar de publicación, distribución, etc. Alcalá de Henares [España] :
Nombre del editor, distribuidor, etc. Centro de Estudios Cervantinos,
Fecha de publicación, distribución, etc. 2003.
300 ## - DESCRIPCIÓN FÍSICA
Extensión xxxix, 316 p. :
Otras características físicas il.
Dimensiones 24 cm.
440 #0 - MENCIÓN DE SERIE/PUNTO DE ACCESO ADICIONAL--TÍTULO
Título Los libros de Rocinante
Designación de volumen o secuencia 16
9 (RLIN) 11592
500 ## - NOTA GENERAL
Nota general Originalmente publicado en Toledo en 1526 por autor anónimo
500 ## - NOTA GENERAL
Nota general Incluye tabla de capítulos
504 ## - NOTA DE BIBLIOGRAFÍA, ETC.
Nota de bibliografía, etc. Bibliografía: p. xxxviii-xxxix
630 04 - PUNTO DE ACCESO ADICIONAL DE MATERIA--TÍTULO UNIFORME
Título uniforme Historia del invencible cavallero don Polindo.
9 (RLIN) 11591
650 14 - PUNTO DE ACCESO ADICIONAL DE MATERIA--TÉRMINO DE MATERIA
Término de materia o nombre geográfico como elemento de entrada Literatura
Subdivisión geográfica España
9 (RLIN) 11593
700 1# - PUNTO DE ACCESO ADICIONAL--NOMBRE DE PERSONA
Nombre de persona Calderón Calderón, Manuel.
Término indicativo de función/relación Editor
9 (RLIN) 11594
902 ## - CATALOGADOR
Iniciales CERV
942 ## - ELEMENTOS DE PUNTO DE ACCESO ADICIONAL (KOHA)
Fuente del sistema de clasificación o colocación Library of Congress Classification
Tipo de ítem Koha Libros
Holdings
Estado de retiro Estado de pérdida Estado dañado No para préstamo Localización permanente Ubicación/localización actual Fecha de adquisición Total de préstamos Signatura topográfica completa Código de barras Fecha visto por última vez Precio válido a partir de Tipo de ítem Koha
El ejemplar forma parte de la colección y puede ser consultado según las políticas vigentes.       Biblioteca del Museo Franz Mayer (Rogerio Casas-Alatriste) Biblioteca del Museo Franz Mayer (Rogerio Casas-Alatriste) 24/09/2010   PQ6398 .P65 2003 CERV00026 22/03/2019 22/03/2019 Libros